| 000 | 01850nam0a2200325 4500 | ||
|---|---|---|---|
| 001 | RU\NLR\bibl\1706691 | ||
| 005 | 20260405225839.0 | ||
| 010 |
_a978-5-87941-682-4 _9500 |
||
| 021 |
_aRU _b2010-84195 _95622 |
||
| 035 | _a(NLR Aleph) 001697737 | ||
| 090 |
_a1200768 _c1200768 |
||
| 100 | _a20101129d2010 |||y0rusy50 ca | ||
| 101 | 0 | _arus | |
| 102 | _aRU | ||
| 105 | _aa ||||||||| | ||
| 200 | 1 |
_aОхрана воздушного бассейна от вредных технологических и вентиляционных выбросов _eучебное пособие _e[для вузов] _fЕ.А. Лебедева _gМ-во образования и науки Рос. Федерации, Гос. образоват. учреждение высш. проф. образования "Нижегородский гос. архитектур.-строит. ун-т" |
|
| 210 |
_aНижний Новгород _cННГАСУ _d2010 |
||
| 215 |
_a196 с. _cил. _d20 |
||
| 320 | _aБиблиогр.: с. 187-190 (45 назв.) | ||
| 606 | 1 |
_aВоздух _jУчебные издания для высших учебных заведений _xЗагрязнение при сжигании топлива _91285604 _3RU\NLR\auth\66213080 |
|
| 606 | 1 |
_aВоздух _jУчебные издания для высших учебных заведений _xЗагрязнение отходами промышленных предприятий _91284166 _3RU\NLR\auth\66212273 |
|
| 686 | _aЗ350.4-526н6я73-1 | ||
| 686 | _aН932я73-1 | ||
| 700 | 1 |
_4070 _8rus _7ca _aЛебедева _bЕ. А. _cканд. техн. наук _gЕвгения Андреевна _3RU\NLR\auth\77103884 _986809 |
|
| 801 | 0 |
_aRU _bNLR _c20101129 _gRCR |
|
| 801 | 1 |
_aRU _bNLR _c20101129 |
|
| 942 | _cBOOK | ||
| 980 | _aNB | ||
| 980 | _aNBR | ||